| 000 | 00648nam a2200217 4500 | ||
|---|---|---|---|
| 999 |
_c2200 _d2200 |
||
| 001 | 012206953 | ||
| 003 | UkOxU | ||
| 005 | 20230327112703.0 | ||
| 008 | 970224r19951994enka j 000 1 eng d | ||
| 020 | _a9780440867609 | ||
| 040 |
_c/ _dKH8 |
||
| 082 |
_a823.914 WIL _220 |
||
| 100 | 1 |
_aWilson, Jacqueline. _eauthor |
|
| 245 | 1 | 4 |
_aThe bed and breakfast star / _cJacqueline Wilson ; illustrated by Nick Sharratt |
| 260 |
_aLondon : _bYearling, _c1995 |
||
| 300 |
_a207 p. : _bill. ; _c20 cm |
||
| 500 | _aOriginally published: London : Doubleday, 1994 | ||
| 650 | _aChildren's story | ||
| 700 | 1 |
_aSharratt, Nick. _eillustrator |
|
| 942 |
_2ddc _cNFIC |
||